000 00462nam a22001812 4500
001 0000004284
005 20170406115714.0
008 140905s xx 000 0 eng d
020 _c$
040 _aYour Holding Symbol
_cYour Holding Symbol
100 1 _aPound,Ezra.
245 1 0 _aSelected poems.
250 _a ed.
260 _aLondon :
_bFaber and faber,
_c1928.
300 _a199 p. ;
_c cm.
650 0 _apoems.
908 _a140905
999 _c4117
_d4117